• 首页
  • 本馆介绍
  • 公告通知
  • 最新文献
  • 馆藏检索
  • 电子资源
  • 读者导购
  • 参考咨询
  • 我的图书馆
  • 登录
  • 详细信息显示
  • 放入我的书架
  • 预约/预借图书
  • 作者相关作品
  • 分类相关作品
  • 丛书相关作品
  • 出版社相关作品

书目信息

  • 表格格式
  • 工作单格式
  • 卡片格式
题名:
星槎胜览校注
    
 
作者: 费信, 著 ;冯承钧, 校注
分册:  
出版信息: 北京   华文出版社  2019
页数: 219页
开本: 24cm
丛书名:
单 册:
中图分类: K916
科图分类:
主题词: 历史地理--li shi di li--世界
电子资源:
ISBN: 978-7-5075-5029-0
000 01519nam0 2200325 45
001 012001009068
005 20140101082150.0
010    @a978-7-5075-5029-0@b精装@dCNY48.00
099    @aCAL 012019064497
100    @a20190308d2019 em y0chiy50 ea
101 0  @achi
102    @aCN@b110000
105    @aa z 001yy
106    @ar
200 1  @a星槎胜览校注@Axing cha sheng lan jiao zhu@f(明) 费信著@g冯承钧校注
210    @a北京@c华文出版社@d2019
215    @a 219页@c图@d24cm
300    @a“十三五”国家重点出版物出版规划项目
314    @a费信,昆山人,著有《星槎胜览》。
314    @a冯承钧 (1887-1946),湖北夏口人,法学学士学位,曾任北京大学和北京师范大学历史系教授。
320    @a有索引
330    @a本书主要记述了永乐七年郑和船队第三次下西洋和宣德六年郑和第七次下西洋时所经过40余个亚非国家和地区,特别是非洲国家的地理位置、山川形胜、政教状况、社会生活、商业贸易、宗教信仰、物产资源等情况。《星槎胜览》一书成于正统元年,分前后两集,前集所记为费信亲身游历的国家和地区;后集所记国家和地区,是采集旧说传闻而成,其中多采自元代汪大渊《岛夷志略》。《星槎胜览校注》是冯承钧先生以罗以智校本为底本,用《国朝典故》本、天一阁本对校,复取藤田丰八校注本对《星槎胜览》原书的校正和注释。
333    @a史料研究者及相关读者。
605    @a星槎胜览@Axing cha sheng lan@x校注
606 0  @a历史地理@Ali shi di li@y世界
690    @aK916@v5
701  0 @a费信,@Afei xin@f明代@4著
702  0 @a冯承钧,@Afeng cheng jun@f1887-1946@4校注
801  0 @aCN@b上海新华@c20191020
905    @b1186898-901@dK916@e268@f4
    
    星槎胜览校注/(明) 费信著/冯承钧校注.-北京:华文出版社,2019
     219页:图;24cm
    “十三五”国家重点出版物出版规划项目.-使用对象:史料研究者及相关读者。
    
    ISBN 978-7-5075-5029-0(精装):CNY48.00
    本书主要记述了永乐七年郑和船队第三次下西洋和宣德六年郑和第七次下西洋时所经过40余个亚非国家和地区,特别是非洲国家的地理位置、山川形胜、政教状况、社会生活、商业贸易、宗教信仰、物产资源等情况。《星槎胜览》一书成于正统元年,分前后两集,前集所记为费信亲身游历的国家和地区;后集所记国家和地区,是采集旧说传闻而成,其中多采自元代汪大渊《岛夷志略》。《星槎胜览校注》是冯承钧先生以罗以智校本为底本,用《国朝典故》本、天一阁本对校,复取藤田丰八校注本对《星槎胜览》原书的校正和注释。
●
相关链接 在E读中查询图书 在五车中查询图书 在当当中查询图书 在豆瓣中查询图书


正题名:星槎胜览校注     索取号:K916/268         预约/预借

序号 登录号 条形码 馆藏地/架位号 状态 备注
1 1186898   211868987   第二样本阅览室/ [索取号:K916/268] 在馆    
2 1186899   211868996   第二借阅区/ [索取号:K916/268] 在馆    
3 1186900   211869003   第二借阅区/ [索取号:K916/268] 在馆    
4 1186901   211869012   第二借阅区/ [索取号:K916/268] 在馆    
唐山师范学院图书馆 欢迎您!
大连网信软件有限公司© 版权所有